[Event "Challenge"]
[Site "http://www.queenalice.com/game.php?id=1132038"]
[Date "2012.12.17"]
[Round "-"]
[White "TMG"]
[Black "serrato987"]
[Result "1/2-1/2"]
[WhiteElo "2193"]
[BlackElo "1968"]

1. e4 e5 2. Nf3 Nc6 3. Bb5 a6 4. Ba4 b5 5. Bb3 Nf6 6. O-O Bc5 7. c3 Nxe4 8. d4
exd4 9. cxd4 Be7 10. a4 Bb7 11. axb5 axb5 12. Rxa8 Qxa8 13. Re1 Nd6 14. Bg5 h6
15. Bxe7 Nxe7 16. d5 Kd8 17. Nc3 b4 18. Na2 Bxd5 19. Bxd5 Nxd5 20. Qb3 Re8 21.
Rd1 Nf4 22. Nxb4 g5 23. Nc2 Re2 24. Nce1 g4 25. Qc3 Qe4 26. Nh4 Nd5 27. Qc1 Nf4
28. Qc3 Qe7 29. Nf5 Nxf5 30. Qh8+ Qe8 31. Qf6+ Qe7 32. Qh8+ Qe8 33. Qf6+ Re7 34.
Ra1 Nd6 35. Ra8+ 1/2-1/2

[Event "Jogo 3"]
[Site "http://www.queenalice.com/game.php?id=1149275"]
[Date "2013.2.6"]
[Round "-"]
[White "Euwe"]
[Black "TMG"]
[Result "1-0"]
[WhiteElo "1985"]
[BlackElo "2191"]

1. e4 e5 2. Nf3 Nc6 3. Bb5 a6 4. Bxc6 dxc6 5. O-O f6 6. Nc3 Bg4 7. h3 Bh5 8. d3
Bd6 9. Qe2 Qd7 10. Be3 c5 11. a3 Ne7 12. Rfe1 Nc6 13. Nxe5 Bxe2 14. Nxd7 Bxd3
15. Nxf6+ gxf6 16. cxd3 O-O-O 17. Nd5 Ne7 18. Nxf6 Be5 19. Nh5 Bxb2 20. Ra2 Bc3
21. Rc1 Bd4 22. Re2 b6 23. f4 Rd7 24. Kf2 Rhd8 25. f5 Bxe3+ 26. Rxe3 Rxd3 27.
Rxd3 Rxd3 28. Nf4 Rd7 29. Ke3 Nc6 30. g4 Ne5 31. g5 Kd8 32. Nd5 Kc8 33. h4 Kb7
34. h5 c6 35. Nf6 Rf7 36. Rd1 c4 37. g6 hxg6 38. hxg6 Nxg6 39. Ne8 Rf8 40. Nd6+
1-0

[Event "Challenge"]
[Site "http://www.queenalice.com/game.php?id=1276031"]
[Date "2014.4.25"]
[Round "-"]
[White "TMG"]
[Black "ATeixeira"]
[Result "0-1"]
[WhiteElo "2184"]
[BlackElo "2183"]

1. e4 e6 2. d4 d5 3. Nd2 Nf6 4. e5 Nfd7 5. Bd3 c5 6. c3 Nc6 7. Ne2 Be7 8. O-O a6
9. Nf3 b5 10. Be3 c4 11. Bc2 a5 12. Qd2 h6 13. Nf4 Ba6 14. Nh5 Bf8 15. a3 Qb6
16. h3 b4 0-1

[Event "Challenge"]
[Site "http://www.queenalice.com/game.php?id=1276033"]
[Date "2014.4.25"]
[Round "-"]
[White "TMG"]
[Black "BossHaar"]
[Result "1-0"]
[WhiteElo "2193"]
[BlackElo "2113"]

1. e4 e5 2. Nf3 Nc6 3. Bb5 a6 4. Ba4 d6 5. c3 Bd7 6. d4 Nf6 7. O-O Be7 8. Re1
O-O 9. Nbd2 Re8 10. a3 Bf8 11. b4 d5 12. Bxc6 Bxc6 13. Nxe5 Nd7 14. Nxc6 bxc6
15. e5 Re6 16. f4 f5 17. Nb3 Be7 18. Qd3 Qf8 19. Bd2 Nb6 20. Na5 Qf7 21. Rac1
Bf8 22. c4 Qd7 23. c5 Nc8 24. Qxf5 Ne7 25. Qd3 Rg6 26. Re2 Qe6 27. Rf1 Nf5 28.
Nxc6 Qxc6 29. Qxf5 Re8 30. Qh3 Rh6 31. Qf3 Qg6 32. f5 Qh5 33. Bxh6 1-0

[Event "Challenge"]
[Site "http://www.queenalice.com/game.php?id=1276285"]
[Date "2014.4.26"]
[Round "-"]
[White "TMG"]
[Black "manasses"]
[Result "1-0"]
[WhiteElo "2209"]
[BlackElo "2200"]

1. e4 c5 2. Nc3 d6 3. g3 Nc6 4. Bg2 g6 5. d3 Bg7 6. Be3 Rb8 7. Qd2 b5 8. Nge2 b4
9. Nd1 Bb7 10. O-O e6 11. a3 a5 12. axb4 axb4 13. f4 Nge7 14. Rc1 O-O 15. b3 Ra8
16. g4 f5 17. Nf2 Qc7 18. d4 Rfd8 19. Rfd1 d5 20. exf5 exf5 21. g5 Ra2 22. Qe1
c4 23. bxc4 dxc4 24. d5 Na5 25. Qxb4 Rb2 26. d6 Rxb4 27. dxc7 Rxd1+ 28. Rxd1 Bf8
29. Bc5 Rb2 30. Bxe7 Bxe7 31. Bxb7 1-0

[Event "Challenge"]
[Site "http://www.queenalice.com/game.php?id=1276286"]
[Date "2014.4.26"]
[Round "-"]
[White "TMG"]
[Black "toomchess"]
[Result "1-0"]
[WhiteElo "2172"]
[BlackElo "2157"]

1. e4 e5 2. Nf3 Nc6 3. Bb5 Bc5 4. c3 Qf6 5. d4 exd4 6. e5 Qg6 7. cxd4 Qe4+ 8.
Be3 Bb4+ 9. Nc3 Nge7 10. Bd3 Qg4 11. h3 Qxg2 12. Rh2 Qxh2 13. Nxh2 Nd5 14. Rc1
d6 15. Qf3 Be6 16. a3 Nxe3 17. fxe3 dxe5 18. axb4 O-O-O 19. d5 Nxb4 20. Bf5 Rhf8
21. dxe6 fxe6 22. Bxe6+ Kb8 23. Rd1 Nc2+ 24. Ke2 1-0

[Event "Challenge"]
[Site "http://www.queenalice.com/game.php?id=1276287"]
[Date "2014.4.26"]
[Round "-"]
[White "TMG"]
[Black "Arthur0007"]
[Result "1-0"]
[WhiteElo "2186"]
[BlackElo "2113"]

1. e4 e5 2. Nf3 Nf6 3. d4 Nxe4 4. Bd3 d5 5. Nxe5 Bd6 6. O-O O-O 7. c4 Bxe5 8.
dxe5 Be6 9. cxd5 Bxd5 10. Qc2 f5 11. f3 Ng5 12. Bxf5 Be6 13. Bxe6+ Nxe6 14. Qb3
Re8 15. Rd1 Qh4 16. Qxb7 Nd4 17. Qd5+ 1-0

[Event "Challenge"]
[Site "http://www.queenalice.com/game.php?id=1276288"]
[Date "2014.4.26"]
[Round "-"]
[White "TMG"]
[Black "Joseilton"]
[Result "1-0"]
[WhiteElo "2184"]
[BlackElo "2109"]

1. e4 c5 2. Nc3 Nc6 3. g3 g6 4. Bg2 Bg7 5. d3 Nf6 6. f4 d6 7. Nf3 Bg4 8. h3 Bxf3
9. Qxf3 Nd4 10. Qd1 Qc7 11. O-O O-O 12. Ne2 Nd7 13. c3 Nxe2+ 14. Qxe2 Rab8 15.
Be3 e6 16. d4 cxd4 17. Bxd4 e5 18. Bxa7 Rbe8 19. Be3 f5 20. exf5 Rxf5 21. g4 Rf7
22. Bd5 1-0

[Event "Challenge"]
[Site "http://www.queenalice.com/game.php?id=1276290"]
[Date "2014.4.26"]
[Round "-"]
[White "TMG"]
[Black "Alain91"]
[Result "1/2-1/2"]
[WhiteElo "2194"]
[BlackElo "2171"]

1. e4 e5 2. Nf3 Nf6 3. d4 Nxe4 4. Bd3 d5 5. Nxe5 Bd6 6. O-O O-O 7. c4 Bxe5 8.
dxe5 Nc6 9. Bf4 Be6 10. Qh5 Nb4 11. Rd1 Nxd3 12. Rxd3 Qe7 13. cxd5 Qb4 14. Qe2
Nc5 15. Rd2 Qxf4 16. dxe6 Nxe6 17. g3 Qb4 18. Nc3 Rfd8 19. Rad1 Rxd2 20. Rxd2
Nd4 21. Qe4 c5 22. a3 Qb3 23. Kg2 Re8 24. Ne2 Nc6 25. f4 f6 26. Qd5+ Qxd5+ 27.
Rxd5 fxe5 28. Rxc5 Rd8 29. fxe5 Rd2 30. Kf1 Rxb2 31. Rd5 Ne7 32. Rd7 Kf8 33. h4
Ng6 34. Nf4 Nxe5 35. Ne6+ Ke8 36. Rxg7 h6 37. Nc7+ 1/2-1/2

[Event "Challenge"]
[Site "http://www.queenalice.com/game.php?id=1276939"]
[Date "2014.4.28"]
[Round "-"]
[White "Zugswang"]
[Black "TMG"]
[Result "1-0"]
[WhiteElo "2181"]
[BlackElo "2196"]

1. e4 e5 2. f4 d5 3. exd5 exf4 4. Nf3 Nf6 5. c4 c6 6. d4 cxd5 7. Bxf4 Bb4+ 8.
Nc3 O-O 9. Be2 dxc4 10. Bxc4 Nc6 11. O-O Bg4 12. Be5 Nd7 13. Bg3 Nb6 14. Bb3 Qd7
15. d5 Na5 16. Qd4 Bxc3 17. bxc3 Nxb3 18. axb3 Bxf3 19. Rxf3 Qxd5 20. Qxd5 Nxd5
21. Rd3 Nf6 22. Bh4 Ne4 23. c4 1-0

[Event "Challenge"]
[Site "http://www.queenalice.com/game.php?id=1297043"]
[Date "2014.7.25"]
[Round "-"]
[White "TMG"]
[Black "shogun"]
[Result "1/2-1/2"]
[WhiteElo "2266"]
[BlackElo "2521"]

1. e4 Nc6 2. Nf3 d5 3. exd5 Qxd5 4. Nc3 Qa5 5. Bb5 Bd7 6. O-O a6 7. Bxc6 Bxc6 8.
d4 Qh5 9. d5 O-O-O 10. Qd4 Nf6 11. Ne5 Bxd5 12. Bf4 e6 13. Qa7 Nd7 14. Nxd7 Kxd7
15. Nxd5 Kc6 16. Bxc7 Bc5 17. Nb4+ Kxc7 18. Nxa6+ Kc6 19. Nxc5 Qxc5 20. Qxc5+
Kxc5 21. Rfd1 b5 22. Rxd8 Rxd8 23. Kf1 Rd2 24. Rc1 Rd4 25. f3 Rd2 26. b3 g5 27.
a4 bxa4 28. bxa4 f6 29. Re1 Kd6 30. h4 gxh4 31. c4 Ra2 32. Re4 h3 33. gxh3 f5
34. Rh4 h5 35. Rxh5 Rxa4 36. Rh4 Ra2 37. Kg1 1/2-1/2

[Event "Challenge"]
[Site "http://www.queenalice.com/game.php?id=1297045"]
[Date "2014.7.25"]
[Round "-"]
[White "TMG"]
[Black "toninhojit"]
[Result "1-0"]
[WhiteElo "2227"]
[BlackElo "2436"]

1. e4 g6 2. Nc3 Bg7 3. g3 c5 4. Bg2 Nc6 5. d3 d6 6. Be3 e6 7. Qd2 h5 8. Nge2 Nd4
9. O-O Ne7 10. Rab1 h4 11. b4 Nec6 12. bxc5 dxc5 13. f4 Nxe2+ 14. Nxe2 Nd4 15.
e5 hxg3 16. Nxg3 Qh4 17. Bxb7 Bxb7 18. Rxb7 g5 19. fxg5 Bxe5 20. Rfxf7 O-O-O 21.
Qg2 Rd5 22. c4 Bxg3 23. hxg3 Ne2+ 24. Kf2 Nxg3 25. cxd5 Ne4+ 26. Kf3 Qh5+ 27.
Kxe4 exd5+ 28. Kxd5 Rd8+ 29. Kxc5 1-0

[Event "Challenge"]
[Site "http://www.queenalice.com/game.php?id=1297046"]
[Date "2014.7.25"]
[Round "-"]
[White "TMG"]
[Black "arvo1938"]
[Result "0-1"]
[WhiteElo "2274"]
[BlackElo "2338"]

1. e4 c5 2. Nc3 e5 3. g3 Nc6 4. Bg2 Nf6 5. d3 Be7 6. Nge2 d6 7. O-O Bg4 8. f3
Be6 9. f4 Nd4 10. Nxd4 cxd4 11. Nd5 Bxd5 12. exd5 O-O 13. c3 dxc3 14. bxc3 Qc7
15. Qb3 Nd7 16. Rb1 b6 17. fxe5 Nxe5 18. Be4 Nd7 19. d4 h6 20. Bf5 Bg5 21. Bxg5
hxg5 22. Qb5 Nf6 23. Qc6 Qd8 24. c4 g6 25. Bd3 Rc8 26. Qa4 Rc7 27. Qd1 Re8 28.
Qf3 Nh5 0-1

[Event "Challenge"]
[Site "http://www.queenalice.com/game.php?id=1297047"]
[Date "2014.7.25"]
[Round "-"]
[White "TMG"]
[Black "dutra2302"]
[Result "0-1"]
[WhiteElo "2210"]
[BlackElo "2232"]

1. e4 c5 2. Nc3 e6 3. g3 d5 4. d3 d4 5. Nb1 Nc6 6. Bg2 e5 7. Nf3 Nf6 8. O-O Bd6
9. Na3 O-O 10. Nc4 Bc7 11. a4 Re8 12. Qe2 h6 13. Rd1 a6 14. Bd2 Be6 15. b3 b5
16. Nb2 Qd7 17. Nh4 Nb4 0-1

[Event "Challenge"]
[Site "http://www.queenalice.com/game.php?id=1297049"]
[Date "2014.7.25"]
[Round "-"]
[White "TMG"]
[Black "eddval"]
[Result "0-1"]
[WhiteElo "2244"]
[BlackElo "2267"]

1. e4 e5 2. Nf3 Nc6 3. Bb5 a6 4. Ba4 Nf6 5. O-O Be7 6. Re1 b5 7. Bb3 d6 8. c3
O-O 9. h3 h6 10. d4 Bb7 11. Nbd2 Re8 12. Nf1 Bf8 13. Ng3 g6 14. Nh4 Kg7 15.
Bxh6+ Kxh6 16. Bxf7 Ne7 17. dxe5 dxe5 18. Qc1+ Kg7 19. Bxg6 Nxg6 20. Qg5 Bc8 21.
Qxg6+ Kh8 22. Rad1 Qe7 23. Rd3 Bg7 24. Ngf5 Qf8 25. Nxg7 Qxg7 26. Rg3 Rg8 27.
Qxg7+ Rxg7 28. Rg6 Rf7 29. Rg5 Rg7 30. Rg6 Ng8 31. Rd1 Kh7 32. Rxg7+ Kxg7 0-1

[Event "Challenge"]
[Site "http://www.queenalice.com/game.php?id=1297050"]
[Date "2014.7.25"]
[Round "-"]
[White "TMG"]
[Black "popcorn"]
[Result "1-0"]
[WhiteElo "2254"]
[BlackElo "2253"]

1. e4 c5 2. Nf3 Nc6 3. d4 cxd4 4. Nxd4 Nf6 5. Nc3 d6 6. Bg5 e6 7. Qd2 a6 8.
O-O-O Be7 9. f4 Qc7 10. Be2 b5 11. Bxf6 gxf6 12. Nxc6 Qxc6 13. Bf3 Rb8 14. Kb1
O-O 15. h4 Bb7 16. h5 b4 17. Ne2 Qc4 18. h6 Kh8 19. Nd4 Rbc8 20. Rh3 Rg8 21. g4
a5 22. Rh5 Rc5 23. Be2 1-0

[Event "Challenge"]
[Site "http://www.queenalice.com/game.php?id=1297055"]
[Date "2014.7.25"]
[Round "-"]
[White "TMG"]
[Black "KLEOJ"]
[Result "0-1"]
[WhiteElo "2221"]
[BlackElo "2243"]

1. e4 Nc6 2. d4 d5 3. exd5 Qxd5 4. Nc3 Qxd4 5. Bd3 Bd7 6. Nf3 Qg4 7. O-O O-O-O
8. Be3 e5 9. h3 Qh5 10. Ng5 Qxd1 11. Rfxd1 Nh6 12. Nxh7 Be7 13. Nd5 Bd6 14. Bg5
f6 15. Bxh6 gxh6 16. Nhxf6 Be6 17. Bc4 Bxd5 18. Bxd5 Nd4 19. c3 Ne2+ 20. Kf1 Nf4
21. g3 Nxd5 22. Nxd5 Rdf8 23. Kg2 Rf7 24. Rd2 Rhf8 25. Re1 h5 26. Re4 Rf5 27.
Ne3 Rg5 28. h4 Rg6 29. Nc4 Rf5 30. Rde2 Re6 31. f4 Kd7 32. fxe5 Bf8 33. Rf4 Rxf4
34. gxf4 Rg6+ 35. Kf3 Be7 0-1

[Event "Challenge"]
[Site "http://www.queenalice.com/game.php?id=1297056"]
[Date "2014.7.25"]
[Round "-"]
[White "TMG"]
[Black "PauloRezendeCXG"]
[Result "0-1"]
[WhiteElo "2233"]
[BlackElo "2193"]

1. e4 e6 2. d4 d5 3. Nd2 Nf6 4. e5 Nfd7 5. Bd3 c5 6. c3 Nc6 7. Ne2 c4 8. Bc2 Nb6
9. O-O Bd7 10. Ng3 Be7 11. Qg4 g6 12. Nf3 h6 13. h4 Qc7 14. Bxg6 fxg6 15. Qxg6+
Kd8 16. Bxh6 Qc8 17. Bg7 Rg8 18. h5 Kc7 0-1

[Event "Challenge"]
[Site "http://www.queenalice.com/game.php?id=1297057"]
[Date "2014.7.25"]
[Round "-"]
[White "TMG"]
[Black "Fauquinelle"]
[Result "1-0"]
[WhiteElo "2208"]
[BlackElo "2123"]

1. e4 c6 2. d4 d5 3. Nc3 dxe4 4. Nxe4 Bf5 5. Ng3 Bg6 6. h4 h6 7. Nf3 Nd7 8. h5
Bh7 9. Bd3 Bxd3 10. Qxd3 Ngf6 11. Bf4 Qa5+ 12. Bd2 Qb6 13. O-O-O e6 14. Ne5 Be7
15. Rhe1 Rf8 16. Kb1 Ba3 17. Qxa3 Qxd4 18. Nxd7 Nxd7 19. Bb4 Qxf2 20. Bxf8 Nxf8
21. Ne4 Qf5 22. Nd6+ 1-0

[Event "Challenge"]
[Site "http://www.queenalice.com/game.php?id=1297058"]
[Date "2014.7.25"]
[Round "-"]
[White "TMG"]
[Black "rpalmero"]
[Result "1-0"]
[WhiteElo "2203"]
[BlackElo "1969"]

1. e4 c5 2. Nc3 e6 3. g3 Nc6 4. Bg2 Nf6 5. d3 a6 6. f4 Qc7 7. e5 Ng8 8. Ne4 d5
9. exd6 Bxd6 10. Nxd6+ Qxd6 11. Nf3 Nf6 12. b3 b5 13. Bb2 Bb7 14. Ne5 Rb8 15.
Nxc6 Bxc6 16. Be5 1-0

[Event "Challenge"]
[Site "http://www.queenalice.com/game.php?id=1297064"]
[Date "2014.7.25"]
[Round "-"]
[White "BossHaar"]
[Black "TMG"]
[Result "0-1"]
[WhiteElo "2130"]
[BlackElo "2245"]

1. e4 e5 2. f4 d5 3. exd5 exf4 4. Nf3 Nf6 5. Bc4 Nxd5 6. Qe2+ Be7 7. d4 Nc6 8.
Nc3 Nb6 9. Bxf4 Nxd4 10. Nxd4 Qxd4 11. Bxf7+ Kxf7 12. Bxc7 Bg4 13. Rf1+ Bf6 14.
Qd3 Rhe8+ 15. Kd2 Nc4+ 16. Kc1 Qe3+ 17. Qxe3 Nxe3 18. Rf2 Kg8 19. h3 Bh5 20. a4
Rac8 0-1

[Event "Challenge"]
[Site "http://www.queenalice.com/game.php?id=1297246"]
[Date "2014.7.25"]
[Round "-"]
[White "TMG"]
[Black "Richardlim"]
[Result "0-1"]
[WhiteElo "2199"]
[BlackElo "2164"]

1. e4 e5 2. Nf3 Nc6 3. Bb5 a6 4. Ba4 Nf6 5. Bb3 Nxe4 6. d4 exd4 7. O-O d5 8. Re1
Be6 9. c3 dxc3 10. Nxc3 Bb4 11. Nxe4 Bxe1 12. Bg5 Qc8 13. Nf6+ gxf6 14. Bxf6
Bxf2+ 15. Kxf2 Rg8 16. Bc2 h5 17. Bh7 Rg4 18. Qd2 Qd7 19. h3 Rb4 20. a3 Rb6 21.
Qg5 Qd6 22. Rc1 d4 23. b4 Rb5 24. Qg8+ Qf8 25. Qg3 Qh6 26. Rxc6 Qe3+ 27. Kf1
bxc6 28. Qxc7 Bc4+ 0-1

[Event "Challenge"]
[Site "http://www.queenalice.com/game.php?id=1297254"]
[Date "2014.7.25"]
[Round "-"]
[White "TMG"]
[Black "andrevillares"]
[Result "0-1"]
[WhiteElo "2264"]
[BlackElo "1982"]

1. e4 c6 2. d4 d5 3. Nc3 dxe4 4. Nxe4 Nd7 5. Bc4 Ngf6 6. Ng5 e6 7. Qe2 Nb6 8.
Bb3 Be7 9. N1f3 h6 10. Ne4 O-O 11. O-O Nxe4 12. Qxe4 Nd5 13. c3 Nf6 14. Qe2 Bd6
15. Ne5 Bd7 16. Bf4 Rc8 17. Nxf7 Rxf7 18. Bxd6 Kh8 19. Bxe6 Qe8 20. Rae1 Bxe6
21. Qxe6 Qxe6 22. Rxe6 Nd5 23. c4 Nf6 24. Re7 Rxe7 25. Bxe7 Ne4 26. f3 Nd2 27.
Rc1 Re8 28. Bb4 Re2 0-1